| 000 | 00498nam a2200169 i 4500 | ||
|---|---|---|---|
| 001 | 71097 | ||
| 003 | ES-MaACL | ||
| 005 | 20230906171023.0 | ||
| 007 | t| | ||
| 008 | 040805s1970 sp ||||1| spa d | ||
| 100 | 1 |
_aGatti, Enrico. _955973 |
|
| 245 | 1 | 0 |
_aCómo vender bienes de equipo / _cpor Enrico Gatti ; traductor, M. Poblete. |
| 260 |
_aMadrid : _bIbérico Europea, _c[1970] |
||
| 300 |
_a179 p. ; _c21 cm. |
||
| 700 | 1 |
_aPoblete Ruiz, Manuel. _992692 |
|
| 852 |
_aES-MaACL _jC-46909 _bR.74160 |
||
| 999 |
_c71097 _d71097 |
||